00842nam a2200217 a 4500001001000000003000500010005001700015008004100032010001100073011001100084040000900095100003800104245013500142260004100277500006000318502008200378650002800460650003800488650002800526856007000554000112474CHAP20220329144308.0160415s2016 mx a fsm |||||||spa d a108935 a109907 cCHAP1 aMonroy Hernández, José Manuel10aCaracterización morfométrica de la subcuenca del río Moctezuma, Sonora/h[En línea]cpor José Manuel Monroy Hernández. aChapingo, Méx. :bEl autor,c2016. aPara ver el contenido del material haga clic en la liga aTesis (Ing. en Recursos Naturales Renovables) -- UACH. Departamento de Suelos14aCuencasxDegradación.14aCuencasxEstudios hidrológicos.14aCuencasxMorfometría. aFinding aiduhttp://10.13.5.2/tesis/sist112474.pdfzTeclea aquí